000 00393nam a2200121 i 4500
001 bg
245 1 0 _aTechnologia obróbki plastycznej na zimno.
_nCz. 1,
_pMateriały do obróbki plastycznej, zagadnienia ekonomiczne w obróbce plastycznej (optymalizacja procesów).
260 _aWarszawa,
_c1982.
040 _cBPK
041 _apol
942 _cKS
008 s pl f |000 0 pol
999 _c22022
_d22022
856 _uhttp://koha.tu.koszalin.pl/cgi-bin/koha/opac-detail.pl?biblionumber=22022
_yKatalog online BPK